00478nam a2200181Ia 4500003000400000005001700004008004000021020001500061040000700076041000800083082001500091100001700106245004100123260003800164300000900202650005900211700002600270OSt20251028142545.0210210b1975 xxu||||| |||| 00| 0 eng d a0333149696 cAL aeng a820.9 DYSG aDyson A E Ed aGerald Manley Hopkins b: casebooks aLondonbMacmillan Press Ltdc1975 a256p aGerald Manley Hopkins Poems critical Essays Case Books aBottrall, Margaret Ed